| 000 | 00762 a2200253 4500 | ||
|---|---|---|---|
| 001 | 18426 | ||
| 650 | 7 |
_aTürkler _xUygarlık _2etuturkob _915253 |
|
| 999 |
_c18426 _d10384 |
||
| 003 | TR-AnTOB | ||
| 005 | 20220422162345.0 | ||
| 008 | 041102s1995 tu tur | ||
| 020 | _a9754980950 | ||
| 035 | _a18426 | ||
| 041 | _atur | ||
| 050 |
_aDS26 _b.K35 1995 |
||
| 090 | _aDS26 .K35 1995 | ||
| 100 | 1 |
_aKalafat, Yaşar, _d1939- _99234 |
|
| 245 | 0 |
_aGüney Türkistan'dan Türkiye'ye: meseleler ve Türk kimliği / _cYaşar Kalafat. |
|
| 264 | 1 |
_aİstanbul : _bTürk Dünyası Araştırmaları Vakfı, _c1995 |
|
| 300 |
_a78 p. : _bill. , map ; _c20 cm. |
||
| 490 | 0 | _aTürk Dünyası Araştırmaları Vakfı Yayını; 135. | |
| 651 |
_aTürkiye _xUygarlık _99258 |
||
| 902 | _a0008642 | ||
| 942 | _cBK | ||